header

Dictionary of existential psychotherapy and counselling (Record no. 27840)

MARC details
000 -LEADER
fixed length control field 01458nam a2200373 a 4500
082 04 - DEWEY DECIMAL CLASSIFICATION NUMBER
Classification number 616.891403
100 1# - MAIN ENTRY--AUTHOR NAME
Personal name Van Deurzen, Emmy.
245 10 - TITLE STATEMENT
Title Dictionary of existential psychotherapy and counselling
260 ## - PUBLICATION, DISTRIBUTION, ETC. (IMPRINT)
Place of publication London ;
-- Thousand Oaks, Calif. :
Name of publisher Sage Publications,
Year of publication 2005.
300 ## - PHYSICAL DESCRIPTION
Number of Pages 228 p.
500 ## - GENERAL NOTE
General note Reprinted 2009, 2011 (twice).
650 #0 - SUBJECT ADDED ENTRY--TOPICAL TERM
Topical Term Existential psychotherapy
Topical Term Psychoanalytic counseling
700 1# - ADDED ENTRY--PERSONAL NAME
Personal name Kenward, Raymond.
856 40 - ELECTRONIC LOCATION AND ACCESS
Uniform Resource Identifier http://site.ebrary.com/lib/rucke/Doc?id=10715708

No items available.

© 2026 Rongo University
Contact us: librarian | system librarian | Rongo university